000 00703nam a2200241 i 4500
001 bgj
100 1 _aWOLFF, Gerhart.
245 1 0 _aDeutsche Sprachgeschichte :
_bvon den Anfängen bis zur Gegenwart : ein Studienbuch /
_cGerhart Wolff.
250 _a5te, überarb. und aktualisierte Aufl.
260 _aTübingen ;
_aBasel :
_bA. Francke Verlag,
_c2004.
300 _a318 S. :
_bIll. ;
_c22 cm.
490 1 _aUTB ;
_v1581
504 _aBibliographie S. 289-312.
505 _aRegister.
650 9 _aDeutsch
_xGeschichte
830 _aUTB ;
020 _a3825215814
040 _cBPK
041 0 _ager
920 _a3-8252-1581-4
942 _cKS
008 s gw f |000 0 ger
999 _c49408
_d49408
856 _uhttp://koha.tu.koszalin.pl/cgi-bin/koha/opac-detail.pl?biblionumber=49408
_yKatalog online BPK